000 00799nas a2200253 4500
001 BR2012006057
003 BR-BrBNA
005 20231205121005.0
007 ta
008 230509b bl.|||p| |||| 00| 00por d
040 _aBR-BrBNA
_bpor
_cBiblioteca Nacional de Agricultura
041 _a(Pt)
072 _aL53
100 1 _aLanna, L.L.
100 1 _aMarques Junior, A. de P.
245 1 _aAbordagem diagnóstica da infertilidade na cadela: revisão de literatura
650 _aCÃO
650 _aESTERILIDADE ANIMAL
650 _aDIAGNÓSTICO
650 _aULTRA-SOM
773 0 _tV Z em Minas. Revista Veterinária e Zootecnia em Minas (Brazil)
_xISSN 2179-9482
_g(Apl-Jun 2011), v. 21(109) p. 13-19
_wBR2012006057
909 _a202311
_bLúcia
_c55
_dLúcia Elande
942 _2AGRIS
_n0
_cANA
999 _c221349
_d221349